Statistics for Random Historical Figures #3

Click here to take the quiz!

General Stats

  • This quiz has been taken 23 times
  • The average score is 5 of 15

Answer Stats

HintAnswer% Correct
Emperor of Japan during World War IIHirohito
95%
Unidentified serial killer of 19th century LondonJack the Ripper
90%
Absolutist French king referred to as the "Sun King"Louis XIV
86%
Italian poet who defended vernacular literature and wrote the Divine ComedyDante Alighieri
62%
Greek poet who has become a symbol for homosexualitySappho
43%
Prolific fashion designer who popularized a sporty, casual chicCoco Chanel
33%
Civil War general who was falsely proclaimed the inventor of baseball.Abner Doubleday
29%
Killer of French Revolution radical leader Jean-Paul MaratCharlotte Corday
14%
French stage actress known for her golden voice and presence in early filmsSarah Bernhardt
14%
Japanese pop artist known for her polka dotsYayoi Kusama
14%
American caricaturist famous for his black-and-white portraits of Broadway starsAl Hirschfeld
10%
Enlightenment philosopher who was atheist and owned a popular salon in ParisBaron d'Holbach
5%
Chief architect of the Constitution of IndiaB. R. Ambedkar
5%
Renaissance poet who defended women in her booksChristine de Pizan
5%
Known for his 45-minute flight in a lawn chair propelled by weather balloonsLarry Walters
5%

Score Distribution

Percentile by Number Answered

Percent of People with Each Score

Your Score History

You have not taken this quiz